ბათუმის შოთა რუსთაველის სახელმწიფო უნივერსიტეტის ბიბლიოთეკა

The SCERTS model : a comprehensive educational approach for children with autism spectrum disorders : (ბიბ.ჩანაწერი № 56814)

000 -LEADER
fixed length control field 01043nam a22002177a 4500
005 - DATE AND TIME OF LATEST TRANSACTION
control field 20190502142732.0
008 - FIXED-LENGTH DATA ELEMENTS--GENERAL INFORMATION
fixed length control field 190502b2006 e ||||| |||| 00| 0 eng d
020 ## - INTERNATIONAL STANDARD BOOK NUMBER
International Standard Book Number 9781667666895
080 ## - UNIVERSAL DECIMAL CLASSIFICATION NUMBER
Universal Decimal Classification number 616.86 +371 T-44
245 ## - TITLE STATEMENT
Title The SCERTS model : a comprehensive educational approach for children with autism spectrum disorders :
Remainder of title volume . I . Assessment /
Statement of responsibility, etc. Barry, M. Prizant , Amy M. Wetherby , Emily, Rubin , Amy C. Laurent , Patrick J. Rybell
264 ## - PRODUCTION, PUBLICATION, DISTRIBUTION, MANUFACTURE, AND COPYRIGHT NOTICE
Place of production, publication, distribution, manufacture Baltimore . :
Name of producer, publisher, distributor, manufacturer Brookes pub;
Date of production, publication, distribution, manufacture, or copyright notice 2006 .
300 ## - PHYSICAL DESCRIPTION
Extent 334 p ;
Dimensions 27 cm .
653 ## - INDEX TERM--UNCONTROLLED
keyword აუტიზმის სპექტრის დარღვევების მქონე ბავშვთა ყოვლისმომცველი საგანმანათლებლო მიდგომა
653 ## - INDEX TERM--UNCONTROLLED
keyword მედიცინა
653 ## - INDEX TERM--UNCONTROLLED
keyword განათლება
700 ## - ADDED ENTRY--PERSONAL NAME
Personal name Wetherby , Amy M.
9 (RLIN) 649
700 ## - ADDED ENTRY--PERSONAL NAME
Personal name Rubin , Emily
9 (RLIN) 650
700 ## - ADDED ENTRY--PERSONAL NAME
Personal name Laurent , Amy C.
9 (RLIN) 637
700 ## - ADDED ENTRY--PERSONAL NAME
Personal name Rybell , Patrick J.
9 (RLIN) 651
942 ## - ADDED ENTRY ELEMENTS (KOHA)
Source of classification or shelving scheme
Koha item type წიგნი
ეგზემპლარები
Withdrawn status Lost status Source of classification or shelving scheme Damaged status Not for loan Permanent Location Current Location Shelving location Date acquired Cost, normal purchase price Full call number Barcode Date last seen Copy number Price effective from Koha item type Public note
          ბათუმის შოთა რუსთაველის სახელმწიფო უნივერსიტეტის მთავარი ბიბლიოთეკა ბათუმის შოთა რუსთაველის სახელმწიფო უნივერსიტეტის მთავარი ბიბლიოთეკა წიგნსაცავი 2019-05-02 171.00 616.86 +371 T-44 59661 2019-05-02 59661 2019-05-02 წიგნი 171 gel.
          ბათუმის შოთა რუსთაველის სახელმწიფო უნივერსიტეტის მთავარი ბიბლიოთეკა ბათუმის შოთა რუსთაველის სახელმწიფო უნივერსიტეტის მთავარი ბიბლიოთეკა წიგნსაცავი 2019-05-02 171.00 616.86 +371 T-44 59662 2019-05-02 59662 2019-05-02 წიგნი 171 gel.
          ბათუმის შოთა რუსთაველის სახელმწიფო უნივერსიტეტის მთავარი ბიბლიოთეკა ბათუმის შოთა რუსთაველის სახელმწიფო უნივერსიტეტის მთავარი ბიბლიოთეკა წიგნსაცავი 2019-05-02 171.00 616.86 +371 T-44 59663 2019-05-02 59663 2019-05-02 წიგნი 171 gel.
          ბათუმის შოთა რუსთაველის სახელმწიფო უნივერსიტეტის მთავარი ბიბლიოთეკა ბათუმის შოთა რუსთაველის სახელმწიფო უნივერსიტეტის მთავარი ბიბლიოთეკა წიგნსაცავი 2019-05-02 171.00 616.86 +371 T-44 59664 2019-05-02 59664 2019-05-02 წიგნი 171 gel.
          ბათუმის შოთა რუსთაველის სახელმწიფო უნივერსიტეტის მთავარი ბიბლიოთეკა ბათუმის შოთა რუსთაველის სახელმწიფო უნივერსიტეტის მთავარი ბიბლიოთეკა წიგნსაცავი 2019-05-02 171.00 616.86 +371 T-44 59665 2019-05-02 59665 2019-05-02 წიგნი 171 gel.